[Event "Kandidatenturnier"]
[Site "Tübingen"]
[Date "2007.09.02"]
[Round "9"]
[White "Rix, Michael"]
[Black "Dittus, Reiner"]
[Result "1-0"]
[WhiteElo "1837"]
[BlackElo "1749"]
[PlyCount "65"]
[EventDate "2007.??.??"]

1. d4 d5 2. Nf3 Nf6 3. e3 e6 4. Bd3 Be7 5. O-O Nbd7 6. Nbd2 c5 7. c3 c4 8. Bc2
b5 9. a3 Bb7 10. Re1 O-O 11. Qe2 Qc7 12. e4 dxe4 13. Nxe4 Nxe4 14. Bxe4 Bxe4
15. Qxe4 Nf6 16. Qh4 Rad8 17. Bf4 Qb7 18. Be5 Rfe8 19. Re2 Nd7 20. Qh5 Bf6 21.
Rae1 Bxe5 22. Nxe5 Nf6 23. Qg5 Rd5 24. Qf4 Rf8 25. Re3 Nd7 26. Nxd7 Qxd7 27.
Rg3 Qe7 28. Qh6 g6 29. Rh3 Rh5 30. Rxh5 gxh5 31. Qxh5 Qb7 32. Re3 Rd8 33. Qg5+
1-0

[Event "Kandidatenturnier"]
[Site "Tübingen"]
[Date "2007.09.02"]
[Round "9"]
[White "Hallmann, Eberhard"]
[Black "Schwan, Rudi"]
[Result "1-0"]
[WhiteElo "1985"]
[BlackElo "1939"]
[PlyCount "139"]
[EventDate "2007.??.??"]

1. d4 d5 2. Nf3 Nf6 3. e3 e6 4. c4 c6 5. Nc3 Nbd7 6. Be2 Bd6 7. O-O O-O 8. b3
e5 9. dxe5 Nxe5 10. cxd5 cxd5 11. Nxd5 Nxd5 12. Qxd5 Qf6 13. Rb1 Bf5 14. e4
Nxf3+ 15. Bxf3 Bg6 16. Bb2 Qe7 17. Rbd1 Rad8 18. Qc4 Be5 19. Bxe5 Qxe5 20. Rd3
Rxd3 21. Qxd3 Qe7 22. Rd1 Qh4 23. g3 Qf6 24. h4 h5 25. Qe2 Re8 26. Re1 b5 27.
Qxb5 Re5 28. Qe2 Qe7 29. Bg2 f5 30. f4 Ra5 31. exf5 Qc5+ 32. Qe3 Qxf5 33. a4
Qc5 34. Qxc5 Rxc5 35. Re3 Bf7 36. Bf1 Rc1 37. Kf2 g6 38. b4 Ra1 39. a5 Rb1 40.
b5 Rb2+ 41. Kg1 Rb1 42. Rc3 Be6 43. Kf2 Kf8 44. Bd3 Rb2+ 45. Ke3 Bd7 46. Rc5
Rb4 47. Bxg6 Bxb5 48. Bd3 a6 49. Bxb5 axb5 50. a6 Rb3+ 51. Kf2 Ra3 52. Rxb5
Rxa6 53. Rxh5 Kg7 54. Kf3 Ra4 55. Kg4 Ra3 56. f5 Rb3 57. Rg5+ Kh7 58. Kh5 Rb4
59. g4 Rb1 60. f6 Rb6 61. Rf5 Rb8 62. f7 Rf8 63. g5 Kg7 64. Kg4 Kh7 65. Rf6 Kg7
66. Kf5 Kh7 67. Rh6+ Kg7 68. Rg6+ Kh7 69. Kf6 Rxf7+ 70. Kxf7 1-0